Năm bài giảng về phương pháp luận nghiên cứu văn học
v.v...
Đã lưu trong:
| Tác giả chính: | |
|---|---|
| Định dạng: | Sách |
| Năm xuất bản: |
Huế
[Knxb]
1996
|
| Chủ đề: | |
| Tags: |
Thêm thẻ
Không có thẻ, Hãy là người đầu tiên gắn thẻ bản ghi này!
|
| LEADER | 02283nam a2200289 4500 | ||
|---|---|---|---|
| 082 | |a 807 |b H407NG | ||
| 100 | |a Hoàng Ngọc Hiến | ||
| 245 | |a Năm bài giảng về phương pháp luận nghiên cứu văn học |c Hoàng Ngọc Hiến | ||
| 260 | |a Huế |c 1996 |b [Knxb] | ||
| 300 | |a 64 tr. |c 21 cm | ||
| 500 | |a ĐTTS ghi: Bộ Giáo dục đào tạo.Đại học Huế. Trung tâm Đào tạo từ xa. | ||
| 520 | |a v.v... | ||
| 653 | |a Văn học | ||
| 653 | |a Phương pháp luận | ||
| 653 | |a Nghiên cứu văn học | ||
| 653 | |a Bài giảng | ||
| 942 | |2 ddc |c STK0 | ||
| 999 | |c 2439 |d 2439 | ||
| 952 | |0 0 |1 0 |2 ddc |4 0 |6 807_000000000000000_H407NG |7 1 |8 800 |9 31540 |a qbu |b qbu |c D5 |d 2014-12-13 |g 13000 |o 807 H407NG |p 3699.c1 |r 0000-00-00 |w 2014-12-13 |y STK0 |0 0 |6 807_000000000000000_H407NG | ||
| 952 | |0 0 |1 0 |2 ddc |4 0 |6 807_000000000000000_H407NG |7 0 |8 800 |9 31541 |a qbu |b qbu |c D5 |d 2014-12-13 |g 13000 |o 807 H407NG |p 3699.c2 |r 0000-00-00 |w 2014-12-13 |y STK0 |0 0 |6 807_000000000000000_H407NG | ||
| 952 | |0 0 |1 0 |2 ddc |4 0 |6 807_000000000000000_H407NG |7 0 |8 800 |9 31542 |a qbu |b qbu |c D5 |d 2014-12-13 |g 13000 |o 807 H407NG |p 3699.c3 |r 0000-00-00 |w 2014-12-13 |y STK0 |0 0 |6 807_000000000000000_H407NG | ||
| 952 | |0 0 |1 0 |2 ddc |4 0 |6 807_000000000000000_H407NG |7 0 |8 800 |9 31543 |a qbu |b qbu |c D5 |d 2014-12-13 |g 13000 |o 807 H407NG |p 3699.c4 |r 0000-00-00 |w 2014-12-13 |y STK0 |0 0 |6 807_000000000000000_H407NG | ||
| 952 | |0 0 |1 0 |2 ddc |4 0 |6 807_000000000000000_H407NG |7 0 |8 800 |9 31544 |a qbu |b qbu |c D5 |d 2014-12-13 |g 13000 |l 1 |o 807 H407NG |p 3699.c5 |r 2018-09-17 |s 2018-09-05 |w 2014-12-13 |y STK0 |0 0 |6 807_000000000000000_H407NG | ||
| 952 | |0 0 |1 0 |2 ddc |4 0 |6 807_000000000000000_H407NG |7 0 |8 800 |9 31545 |a qbu |b qbu |c D5 |d 2014-12-13 |g 13000 |o 807 H407NG |p 3699.c6 |r 0000-00-00 |w 2014-12-13 |y STK0 |0 0 |6 807_000000000000000_H407NG | ||
| 952 | |0 0 |1 0 |2 ddc |4 0 |6 807_000000000000000_H407NG |7 0 |8 800 |9 31546 |a qbu |b qbu |c D5 |d 2014-12-13 |g 13000 |o 807 H407NG |p 3699.c7 |r 0000-00-00 |w 2014-12-13 |y STK0 |0 0 |6 807_000000000000000_H407NG | ||
| 952 | |0 0 |1 0 |2 ddc |4 0 |6 807_000000000000000_H407NG |7 0 |8 800 |9 71185 |a qbu |b qbu |c D5 |d 2015-04-21 |g 13000 |o 807 H407NG |p 3699.c8 |r 0000-00-00 |w 2015-04-21 |y STK0 |0 0 |6 807_000000000000000_H407NG | ||
| 952 | |0 0 |1 0 |2 ddc |4 0 |6 807_000000000000000_H407NG |7 0 |8 800 |9 92228 |a qbu |b qbu |c D5 |d 2015-08-28 |g 13000 |o 807 H407NG |p 3699.c9 |r 0000-00-00 |w 2015-08-28 |y STK0 |0 0 |6 807_000000000000000_H407NG | ||